Slovník soudobého urbanismu /

Saved in:
Bibliographic Details
Main Author: Hrůza, Jiří (Author)
Format: Book
Language:Czech
Published: Bratislava : Odeon, 1977
Subjects:
Tags: Add Tag
No Tags, Be the first to tag this record!

MARC

LEADER 00000nam a22000003a 4500
001 stu55897
005 20190325132144.8
008 001218s1977----------------------------d
040 |a STU  |b slo 
041 0 |a cze 
044 |a xr 
100 1 |a Hrůza, Jiří  |4 aut 
245 1 |a Slovník soudobého urbanismu /  |c aut. Jiří Hrůza 
260 |a Bratislava :  |b Odeon,  |c 1977 
300 |a 341 s. 
650 7 |a urbanizmus  |2 stusub 
650 7 |a slovník  |2 stusub 
996 |b 284AU02882  |c A*3512 U  |l AAKNST  |s P  |a 0  |w stu55897_0001 
996 |b 284AU00097  |c A*3695 U  |l AAKNAR  |s A  |a 24  |w stu55897_0002 
996 |b 284AU07121  |c A* 10351/U  |l AAKNAR  |s A  |a 24  |w stu55897_0003